• 首页
  • 本馆介绍
  • 公告通知
  • 最新文献
  • 馆藏检索
  • 电子资源
  • 读者导购
  • 参考咨询
  • 我的图书馆
  • 登录
  • 详细信息显示
  • 放入我的书架
  • 预约/预借图书
  • 作者相关作品
  • 分类相关作品
  • 丛书相关作品
  • 出版社相关作品

书目信息

  • 表格格式
  • 工作单格式
  • 卡片格式
书名: 分析力学习题集
作者: 卡特尼斯基著.
分册号:
分册名:
出版地: 莫斯科 :
 
出版社: 科学出版社
出版时间: 1980.
页数: 320 p. ;
开本: 20cm.
丛书名:
中图分类号:
科图分类号:
其他分类号: O316-44:H35
主题词:
电子资源:
000 00435nam 2200169 a 4500
001 E0733807257
005 20070731092532.93
008 070731s1980 00010 eng
020    @cCNY4.75.
040    @aPFT@bchi
041    @achi@hrus
090    @aO316-44:H35
099    @dO316-44:H35@ex9
245 1  @a分析力学习题集 / @c卡特尼斯基著.
260    @a莫斯科 :@b科学出版社,@c1980.
300    @a320 p. ;@c20cm.
650    @a理论力学@x分析力学@x习题
    
    分析力学习题集 / / 卡特尼斯基著.-莫斯科 : : 科学出版社, , 1980.
    320 p. ; ; 20cm.
    
    
    ISBN CNY4.75.
    
●
相关链接 在E读中查询图书 在五车中查询图书 在当当中查询图书 在豆瓣中查询图书


正题名:分析力学习题集     索取号:O316-44:H35/x9         预约/预借

序号 登录号 条形码 馆藏地/架位号 状态 备注
1 14808   300148089   第二样本阅览室/ [索取号:O316-44:H35/x9] 在馆    
2 14809   300148098   第四借阅区/ [索取号:O316-44:H35/x9] 在馆    
唐山师范学院图书馆 欢迎您!
大连网信软件有限公司© 版权所有